Memoria que comprende el resumen de los trabajos verificados en el año de 1853 por las diferentes secciones de la Comisión encargada de formar el mapa geológico de la provincia de Madrid y el general del Reino, presentada al... ministro de fomento / (Record no. 189581)
[ view plain ]
| 000 -LEADER | |
|---|---|
| campo de control de longitud fija | 01254nam a2200229 i 4500 |
| 001 - NÚMERO DE CONTROL | |
| campo de control | 189581 |
| 003 - IDENTIFICADOR DE NÚMERO DE CONTROL | |
| campo de control | ES-MaACL |
| 005 - FECHA Y HORA DE LA ÚLTIMA TRANSACCIÓN | |
| campo de control | 20251201194553.0 |
| 008 - DATOS DE LONGITUD FIJA--INFORMACIÓN GENERAL | |
| campo de control de longitud fija | 190621s1855 sp bf |||| | spa d |
| 110 2# - ENTRADA PRINCIPAL--NOMBRE DE ENTIDAD CORPORATIVA | |
| Nombre de entidad corporativa o nombre de jurisdicción como elemento de entrada | Comisión del Mapa Geológico de España. |
| 9 (RLIN) | 3030 |
| 245 10 - MENCIÓN DEL TÍTULO | |
| Título | Memoria que comprende el resumen de los trabajos verificados en el año de 1853 por las diferentes secciones de la Comisión encargada de formar el mapa geológico de la provincia de Madrid y el general del Reino, presentada al... ministro de fomento / |
| Mención de responsabilidad, etc. | por Don Guillermo Schulz. |
| 260 ## - PUBLICACIÓN, DISTRIBUCIÓN, ETC. | |
| Lugar de publicación, distribución, etc. | Madrid : |
| Nombre del editor, distribuidor, etc. | por Aguado, impresor de cámara de S.M. y de su Real Cámara, |
| Fecha de publicación, distribución, etc. | 1855. |
| 300 ## - DESCRIPCIÓN FÍSICA | |
| Extensión | 77 p., [2] h. de lám. pleg. ; |
| Dimensiones | 28 cm. |
| 599 ## - NOTA A LAS ILUSTRACIONES | |
| NOTA A LAS ILUSTRACIONES | 1 lám. es 1 mapa geológico a col. de la provincia de Segovia. |
| 610 24 - PUNTO DE ACCESO ADICIONAL DE MATERIA--NOMBRE DE ENTIDAD CORPORATIVA | |
| Nombre de entidad corporativa o nombre de jurisdicción como elemento de entrada | Comisión del Mapa Geológico de España- |
| Subdivisión de forma | Memorias. |
| 9 (RLIN) | 155974 |
| 650 #4 - PUNTO DE ACCESO ADICIONAL DE MATERIA--TÉRMINO DE MATERIA | |
| Término de materia o nombre geográfico como elemento de entrada | Geología- |
| Subdivisión geográfica | España. |
| 9 (RLIN) | 138819 |
| 650 #4 - PUNTO DE ACCESO ADICIONAL DE MATERIA--TÉRMINO DE MATERIA | |
| Término de materia o nombre geográfico como elemento de entrada | Flora- |
| Subdivisión geográfica | España. |
| 9 (RLIN) | 152605 |
| 650 #4 - PUNTO DE ACCESO ADICIONAL DE MATERIA--TÉRMINO DE MATERIA | |
| Término de materia o nombre geográfico como elemento de entrada | Fauna- |
| Subdivisión geográfica | España. |
| 9 (RLIN) | 152606 |
| 700 1# - ENTRADA AGREGADA--NOMBRE PERSONAL | |
| Nombre de persona | Schulz, Guillermo, |
| Fechas asociadas al nombre | 1805-1877 |
| 9 (RLIN) | 104793 |
| 852 ## - LOCALIZACIÓN | |
| Ubicación | ES-MaACL |
| Número de control de estantería | L-32449(5) |
| Nota libre | - Enc. cart. |
| -- | . - Legado Federico de Botella y de Hornos |
| -- | - Enc. en un vol. facticio, con tít. en el lomo de: España, geología: memorias varias, 2 |
| Estatus retirado | Estado de pérdida | Estado de daño | No para préstamo | Colección | Biblioteca de origen | Biblioteca actual | Ubicación en estantería | Fecha de adquisición | Fuente de adquisición | Total de préstamos | Signatura topográfica completa | Código de barras | Visto por última vez | Precio de reemplazo | Tipo de ítem Koha |
|---|---|---|---|---|---|---|---|---|---|---|---|---|---|---|---|
| Libros del s. XIX | Biblioteca del Ateneo de Madrid | Biblioteca del Ateneo de Madrid | Depósito 2 | 21/06/2019 | L-32449(5) | 1200903 | 23/02/2023 | 23/02/2023 | Libro impreso antiguo |
